| 000 | 00949cam a22002651i 4500 | ||
|---|---|---|---|
| 003 | SA-RiAUC | ||
| 005 | 20250218072837.0 | ||
| 008 | 250217q19001999le g 00010 ara c | ||
| 040 |
_aSA-RiAUC _bara _cSA-RiAUC _erda |
||
| 043 | _af-mr--- | ||
| 082 | 0 | 4 |
_a323.440964 _qSA-RiAUC |
| 090 |
_a323.440964 _b ف ا س |
||
| 100 | 1 |
_aالفاسي، علال، _d1910-1974 _eمؤلف. |
|
| 245 | 1 | 2 |
_aالنقد الذاتي / _cعلال الفاسي. |
| 264 | 1 |
_aبيروت : _bدار الكشاف، _c[بين 1900 و1999] |
|
| 300 |
_a447 صفحة ؛ _c24 سم |
||
| 336 |
_aنص _btxt _2rdacontent _3كتاب |
||
| 337 |
_aبدون وسيط _bn _2rdamedia |
||
| 338 |
_aمجلد _bnc _2rdacarrier |
||
| 650 | 7 |
_aالحقوق المدنية _zالمغرب _2aucsh |
|
| 650 | 7 |
_aحرية التعبير _zالمغرب _2aucsh |
|
| 651 | 7 |
_aالمغرب _xسياسة وحكومة _2aucsh |
|
| 942 |
_2ddc _cBOOK _n0 |
||
| 949 |
_aSA-JeALM _d250217 _uosman123 _n1 |
||
| 999 |
_c6061 _d6061 |
||